| 000 | 00701cam a22002293a 4500 | ||
|---|---|---|---|
| 001 | 35439 | ||
| 003 | PGUSA | ||
| 005 | 20140828083749.0 | ||
| 008 | 110301s2011||||xxu|||||s|||||000 | eng d | ||
| 040 |
_aPGUSA _beng |
||
| 042 | _adc | ||
| 100 | 1 | _aCanada. Department of the Interior | |
| 245 | 1 | 0 |
_aCanada West _h[electronic resource] / _cCanada. Department of the Interior |
| 260 |
_bProject Gutenberg, _c2011 |
||
| 506 | _aPublic domain in the USA. | ||
| 516 | _aElectronic text | ||
| 653 | _aNorthwest, Canadian -- Description and travel | ||
| 653 | _aAgriculture -- Prairie Provinces | ||
| 830 | 0 |
_aProject Gutenberg _v35439 |
|
| 856 | 4 | 0 | _uhttp://www.gutenberg.org/ebooks/35439 |
| 942 | _cEB | ||
| 999 |
_c264694 _d264694 |
||